| 000 | 01655nam a2200289Ia 4500 | ||
|---|---|---|---|
| 999 |
_c52848 _d52848 |
||
| 001 | 19878 | ||
| 003 | GE_BSU | ||
| 005 | 20200423215954.0 | ||
| 008 | 181216s1966||||ge |||||||||||||| ||geo|| | ||
| 040 | _cGE_BSU | ||
| 041 | _ageo | ||
| 080 | _a81'374(038) = 353.1'38 = 161.1'38 გ 19 | ||
| 100 |
_aგამრეკელი , ნ. _97967 |
||
| 245 |
_aქართულ - რუსული ფრაზეოლოგიური ლექსიკონი = Грузинско- Русский фразеологический словарь / _c ნ. გამრეკელი, ე. მგალობლიშვილი ; საზოგადოებრივი რედაქტორები : დ. მგელაძე, ი. ქავთარაძე. |
||
| 264 |
_aთბილისი : _bსაბჭოთა საქართველო, _c1966. |
||
| 300 |
_a640 გვ. ; _c 22 სმ |
||
| 500 | _a საძიებელი : გვ. 581-634 | ||
| 504 | _aბიბლიოგრ. : გვ. 635-637 | ||
| 546 | _aპარალელური თავფურცელი რუსულ ენაზე | ||
| 653 | _aენათმეცნიერება | ||
| 653 | _aლექსიკონი | ||
| 653 | _aქართულ - რუსული ფრაზეოლოგიური ლექსიკონი | ||
| 700 |
_a მგალობლიშვილი, ე. _eავტორი _97968 |
||
| 700 |
_aმგელაძე , დ. _eრედაქტორი _97969 |
||
| 700 |
_aქავთარაძე, ი. _eრედაქტორი _97726 |
||
| 942 |
_cBK _2udc |
||